Lieux par lettre - K - Statistiques

Statistiques générales
  • Ce quiz a été pris 1 376 fois
  • Le résultat moyen est 11 sur 20
Statistiques - réponses
Indice Lieux % Correct
Capitale de l'Ukraine Kiev
94%
Ancienne capitale impériale du Japon Kyōto
93%
Plus haute montagne d'Afrique Kilimanjaro
88%
Pays envahi par les troupes de Saddam Hussein Koweït
84%
Lieu de résidence du président de la fédération de Russie Kremlin
83%
Planète natale de Superman Krypton
78%
État du Midwest Kansas
70%
Pays où vit la majorité des Maasaï Kenya
70%
Capitale du Népal Katmandou
69%
Comté d'Angleterre le plus proche de la France Kent
54%
Site des Tours Petronas Kuala Lumpur
47%
Village caché de la Feuille, où vit Naruto Konoha
38%
Gare de Londres où se trouve le quai secret « Quai 9 ¾ » {King's} {Cross}
37%
Archipel français d'îles sub-antarctiques Kerguelen
36%
Exclave russe au bord de la mer Baltique Kaliningrad
34%
Première région dans l'univers Pokémon Kanto
33%
Volcan indonésien qui entra en éruption en 1883 Krakatoa
31%
Nom moderne de Calcutta Kolkata
24%
Épicerie de Springfield, tenue par Apu Kwik-E-Mart
8%
Nom donné par les Nains à la Moria Khazad-dûm
7%
Aucun quiz correspondant
Distribution des résultats
% des personnes avec chaque résultat
Percentile par nombre de réponses
Votre historique - résultats
Vous n’avez pas pris ce quiz